LEADER 03928oam 2200829I 450 001 9910450739903321 005 20200520144314.0 010 $a0-203-00532-5 010 $a1-135-75861-1 010 $a1-280-17532-X 024 7 $a10.4324/9780203005323 035 $a(CKB)1000000000448181 035 $a(EBL)201246 035 $a(OCoLC)252700774 035 $a(SSID)ssj0000147918 035 $a(PQKBManifestationID)11176959 035 $a(PQKBTitleCode)TC0000147918 035 $a(PQKBWorkID)10017162 035 $a(PQKB)10488338 035 $a(SSID)ssj0000359437 035 $a(PQKBManifestationID)11273517 035 $a(PQKBTitleCode)TC0000359437 035 $a(PQKBWorkID)10307249 035 $a(PQKB)11747583 035 $a(MiAaPQ)EBC201246 035 $a(PPN)198457723 035 $a(Au-PeEL)EBL201246 035 $a(CaPaEBR)ebr10162474 035 $a(CaONFJC)MIL17532 035 $a(EXLCZ)991000000000448181 100 $a20180331d2003 uy 0 101 0 $aeng 135 $aur|n|---||||| 181 $ctxt 182 $cc 183 $acr 200 00$aEnterprise and welfare reform in communist Asia /$feditors, Peter Ferdinand and Martin Gainsborough 210 1$aLondon ;$aPortland, Or. :$cFrank Cass,$d2003. 215 $a1 online resource (133 p.) 300 $aThis group of studies first appeared in a special issue. of The journal of communist studies and transition politics (ISSN 1352-3279) 19/1 (March 2003) published by Frank Cass--Verso t.p. 311 $a0-7146-8399-X 311 $a0-7146-5499-X 327 $aBook Cover; Title; Copyright; Contents; Introduction; Fluctuating Institutions of Enterprise Management in North Korea: Prospects for Local Enterprise Reform; Pragmatism in the Face of Adversity: Enterprise Reform in Laos; Slow, Quick, Quick: Assessing Equitization and Enterprise Performance Prospects in Vietnam; Entrepreneurs in China and Vietnam as Strategic Players in Social and Political Change; China's Social Security Reforms and the Comparative Politics of Market Transition; Trade Unionism in China: Sinking or Swimming?; Abstracts; Notes on Contributors; Index 330 $aFeaturing a wide geographical scope, this collection of essays surveys enterprise and welfare reforms in all the remaining four Asian communist states: China, Vietnam, Laos and North Korea. Since the collapse of the Soviet Union they can no longer place major reliance upon assistance from other 'fraternal' states and have to devise their own strategies for survival. All have shown a trend towards greater reliance on market forces, though in different ways and to varying degrees. Enterprise management has to adapt to this. In some of them entrepreneurs have become politically and socially accep 606 $aEconomic assistance$zAsia$vCase studies 606 $aEconomic assistance, Russian$zAsia$vCase studies 606 $aCommunism$zAsia$vCase studies 606 $aCapitalism$zAsia$vCase studies 606 $aMixed economy$zAsia$vCase studies 606 $aIndustrial policy$zAsia$vCase studies 606 $aBusiness enterprises$xGovernment policy$zAsia$vCase studies 606 $aPublic welfare$zAsia$vCase studies 607 $aAsia$xCommercial policy$vCase studies 608 $aElectronic books. 615 0$aEconomic assistance 615 0$aEconomic assistance, Russian 615 0$aCommunism 615 0$aCapitalism 615 0$aMixed economy 615 0$aIndustrial policy 615 0$aBusiness enterprises$xGovernment policy 615 0$aPublic welfare 676 $a338.095/09171/7 701 $aFerdinand$b Peter$0904491 701 $aGainsborough$b Martin$f1966-$0904492 801 0$bMiAaPQ 801 1$bMiAaPQ 801 2$bMiAaPQ 906 $aBOOK 912 $a9910450739903321 996 $aEnterprise and welfare reform in communist Asia$92022428 997 $aUNINA LEADER 02209nam 2200433 450 001 9910320660003321 005 20231214152524.0 010 $a1-5044-5562-2 024 70$a10.1109/IEEESTD.2019.8697192 035 $a(CKB)4100000008042781 035 $a(NjHacI)994100000008042781 035 $a(EXLCZ)994100000008042781 100 $a20231214d2019 uy 0 101 0 $aeng 135 $aur||||||||||| 181 $ctxt$2rdacontent 182 $cc$2rdamedia 183 $acr$2rdacarrier 200 10$aIEEE Std 1159.3-2019 (Revision of IEEE Std 1159.3-2003) $eIEEE Recommended Practice for Power Quality Data Interchange Format (PQDIF) /$fIEEE 210 1$aNew York :$cIEEE,$d2019. 215 $a1 online resource (185 pages) 225 1 $aIEEE Std ;$v1159.3-2019 330 $aA file format suitable for exchanging power quality related measurement and simulation data in a vendor independent manner is defined in this recommended practice. The format is designed to represent all power quality phenomena identified in IEEE Std 1159-2009, IEEE Recommended Practice on Monitoring Electric Power Quality, other power related measurement data, and is extensible to other data types as well. The recommended file format utilizes a highly compressed storage scheme to help reduce disk space and transmission times. The utilization of Globally Unique Identifiers (GUID) to represent each element in the file permits the format to be extensible without the need for a central registration authority. 410 0$aIEEE Std ;$v1159.3-2019. 517 $a1159.3-2019 - IEEE Recommended Practice for Power Quality Data Interchange Format 517 $aIEEE Std 1159.3-2019 606 $aFile processing (Computer science) 606 $aInformation storage and retrieval systems 606 $aElectric power distribution 615 0$aFile processing (Computer science) 615 0$aInformation storage and retrieval systems. 615 0$aElectric power distribution. 676 $a005.741 801 0$bNjHacI 801 1$bNjHacl 906 $aDOCUMENT 912 $a9910320660003321 996 $aIEEE Std 1159.3-2019 (Revision of IEEE Std 1159.3-2003)$93650233 997 $aUNINA